01125 a2200217 4500003000500000005001700005010001600022020001500038040000900053082001300062100002100075245007800096260003800174300007800212505044900290650001800739650003000757650005700787650005000844651001300894Nust20170207154025.0 a 00030838 a0766811603 cNust00a621.39/51 aDueck, Robert K.10aDigital design with CPLD applications and VHDL (E-Book)cRobert K. Dueck. aAlbany, NY :bDelmar Pub.,c2001. axv, 846 p. :bill. ;c28 cm. +e1 computer laser optical disc (4 3/4 in.) aBasic Principles of Digital Systems, Logic Functions and Gates, Boolean algebra and Combinational Logic, Introduction to PLDs And MAX_PLUS II, Combinational Logic Functions, Digital Arithmetic and Arithmetic Circuits, Introduction to Sequential Logic, Introduction to Programmable Logic Architectures, Counters and Shift Registers, State Machine Design, Logic Gate Circuitry, Interfacing Analog and Digital Circuits, Memory Devices and Systems  0aLogic design. 0aProgrammable array logic. 0aProgrammable logic devicesxDesign and construction. 0aVHDL (Computer hardware description language) a(E-Book)